000 00295nam a2200121Ia 4500
100 _aBrahmankar/D.B
942 _cBK
654 _aEngineering
245 _aText book of Engineering Mechanics-Dynamics
260 _bNandu Publishers
_aNew Delhi
_c2003
082 _a620.1
_bBRA
546 _aENGLISH
999 _c34795
_d34795